[Event "17th Aeroflot Open-A 2019"]
[Site "Moscow"]
[Date "2019.02.20"]
[Round "1.13"]
[White "Aryan Chopra"]
[Black "Sjugirov, Sanan"]
[Result "1/2-1/2"]
[WhiteElo "2540"]
[BlackElo "2663"]
[Annotator "RC"]
[PlyCount "79"]
[EventDate "2019.02.19"]
[EventCountry "RUS"]
[SourceTitle "playchess.com"]
[Source "ChessBase"]
[SourceQuality "1"]
[TimeControl "40/5400+30:1800+30"]

1. e4 {[%emt 0:00:00]} c6 {[%emt 0:04:01]} 2. d4 {[%emt 0:00:00]} d5 {[%emt 0:00:05]} 3. e5 {[%emt 0:00:00]} Bf5 {[%emt 0:00:08]} 4. h4 {[%emt 0:00:00]} h5 {[%emt 0:00:34]} 5. Bd3 {[%emt 0:00:10]} Bxd3 {[%emt 0:00:18]} 6. Qxd3 {[%emt 0:00:05]} Qa5+ {[%emt 0:00:16]} 7. Nd2 {[%emt 0:00:13]} e6 {[%emt 0:00:31]} 8. Ngf3 {[%emt 0:00:22]} Ne7 {[%emt 0:00:53]} 9. O-O {[%emt 0:00:45]} Nf5 {[%emt 0:00:36]} 10. Nb3 {[%emt 0:00:53]} Qa6 {[%emt 0:06:31]} 11. Qd1 {[%emt 0:00:15]} c5 {[%emt 0:11:59]} 12. dxc5 {[%emt 0:03:49]} Nd7 {[%emt 0:02:17]} 13. c3 {[%emt 0:10:32]} Bxc5 {[%emt 0:14:32]} 14. Bg5 {[%emt 0:06:01]} Qa4 {[%emt 0:08:05]} 15. Rc1 {[%emt 0:20:46]} Rc8 {[%emt 0:02:23]} 16. Nbd4 {[%emt 0:04:28]} Qxd1 {[%emt 0:01:20]} 17. Rfxd1 {[%emt 0:00:05]} Bxd4 {[%emt 0:02:50]} 18. Nxd4 {[%emt 0:05:22]} g6 {[%emt 0:04:37]} 19. c4 {[%emt 0:20:01]} dxc4 {[%emt 0:10:38]} 20. Nb5 {[%emt 0:01:39]} a6 {[%emt 0:10:15]} 21. Nd6+ {[%emt 0:02:09]} Nxd6 {[%emt 0:00:10]} 22. Rxd6 {[%emt 0:00:06]} Nb8 {[%emt 0:03:01]} 23. Rxc4 {[%emt 0:01:37]} O-O {[%emt 0:03:47]} 24. Rb4 {[%emt 0:06:10]} b5 {[%emt 0:00:22]} 25. a4 {[%emt 0:04:44]} Rc5 {[%emt 0:02:24]} 26. axb5 {[%emt 0:06:40]} axb5 {[%emt 0:00:09]} 27. Rb6 {[%emt 0:00:38]} Rxe5 {[%emt 0:00:20]} 28. R4xb5 {[%emt 0:00:04]} Re1+ {[%emt 0:00:45]} 29. Kh2 {[%emt 0:00:01]} Nd7 {[%emt 0:00:14]} 30. Rb7 {[%emt 0:01:07]} Ne5 {[%emt 0:01:06]} 31. f3 {[%emt 0:01:02]} Re2 {[%emt 0:01:47]} 32. Kg3 {[%emt 0:01:36]} f6 {[%emt 0:00:31]} 33. Bh6 {[%emt 0:02:52]} Rf7 {[%emt 0:00:11]} 34. b4 {[%emt 0:00:05]} Rxb7 {[%emt 0:01:15]} 35. Rxb7 {[%emt 0:00:02]} Nf7 {[%emt 0:00:11]} 36. Rb8+ {[%emt 0:01:00]} Kh7 {[%emt 0:00:05]} 37. Rb7 {[%emt 0:00:11]} Kxh6 {[%emt 0:03:30]} 38. Rxf7 {[%emt 0:00:04]} f5 {[%emt 0:00:27]} 39. b5 {[%emt 0:00:59]} Rb2 {[%emt 0:00:21]} 40. Re7 {[%emt 0:00:00]} 1/2-1/2

[Event "17th Aeroflot Open-A 2019"]
[Site "Moscow"]
[Date "2019.02.19"]
[Round "1.14"]
[White "Sethuraman, S.P."]
[Black "Ghaem Maghami, Ehsan"]
[Result "*"]
[WhiteElo "2651"]
[BlackElo "2540"]
[Annotator "TA"]
[PlyCount "18"]
[EventDate "2019.02.19"]
[EventCountry "RUS"]
[SourceTitle "playchess.com"]
[Source "ChessBase"]
[SourceQuality "1"]

{[%evp 11,18,40,40,54,41,32,36,40,45]} 1. e4 c5 2. Nf3 e6 3. d4 cxd4 4. Nxd4 Nc6 5. Nc3 d6 6. Be3 Nf6 {White is slightly better.} 7. Qe2 {B80: Sicilian Scheveningen: 6 g3 and 6 Be3, including English Attack} Nxd4 8. Bxd4 e5 9. Be3 Be7 $146 ({Predecessor:} 9... a6 10. O-O-O Be7 11. Rg1 Ng4 12. Nd5 Nxe3 13. Nxe3 O-O 14. Kb1 b5 {1-0 (44) Ding,L (2770)-Xu,Y (2463) Zaozhuang 2015}) *

[Event "17th Aeroflot Open-A 2019"]
[Site "Moscow"]
[Date "2019.02.20"]
[Round "1.14"]
[White "Sethuraman, S.P."]
[Black "Ghaem Maghami, Ehsan"]
[Result "1/2-1/2"]
[WhiteElo "2651"]
[BlackElo "2540"]
[Annotator "RC"]
[PlyCount "116"]
[EventDate "2019.02.19"]
[EventCountry "RUS"]
[SourceTitle "playchess.com"]
[Source "ChessBase"]
[SourceQuality "1"]
[TimeControl "40/5400+30:1800+30"]

1. e4 {[%emt 0:00:00]} c5 {[%emt 0:00:00]} 2. Nf3 {[%emt 0:00:00]} e6 {[%emt 0:00:00]} 3. d4 {[%emt 0:00:00]} cxd4 {[%emt 0:00:00]} 4. Nxd4 {[%emt 0:00:04]} Nc6 {[%emt 0:00:00]} 5. Nc3 {[%emt 0:00:05]} Qc7 {[%emt 0:00:02]} 6. Be3 {[%emt 0:00:39]} a6 {[%emt 0:01:13]} 7. a3 {[%emt 0:03:26]} b5 {[%emt 0:06:28]} 8. Nxc6 {[%emt 0:00:46]} Qxc6 {[%emt 0:04:47]} 9. Be2 {[%emt 0:00:09]} Bb7 {[%emt 0:04:05]} 10. Qd2 {[%emt 0:01:27]} Rc8 {[%emt 0:21:07]} 11. f3 {[%emt 0:29:54]} Nf6 {[%emt 0:03:35]} 12. Bd4 {[%emt 0:10:36]} Qc7 {[%emt 0:15:25]} 13. Qg5 {[%emt 0:13:55]} h6 {[%emt 0:04:24]} 14. Qg3 {[%emt 0:00:13]} Qxg3+ {[%emt 0:01:16]} 15. hxg3 {[%emt 0:00:05]} Bc5 {[%emt 0:00:14]} 16. O-O-O {[%emt 0:01:42]} Ke7 {[%emt 0:04:01]} 17. Kb1 {[%emt 0:04:18]} Rhd8 {[%emt 0:05:49]} 18. a4 {[%emt 0:07:31]} b4 {[%emt 0:06:37]} 19. Bxc5+ {[%emt 0:00:20]} Rxc5 {[%emt 0:00:08]} 20. Na2 {[%emt 0:00:02]} a5 {[%emt 0:05:41]} 21. Nc1 {[%emt 0:00:56]} Rc7 {[%emt 0:00:52]} 22. Bb5 {[%emt 0:05:47]} d5 {[%emt 0:03:37]} 23. e5 {[%emt 0:02:51]} Nd7 {[%emt 0:00:31]} 24. Nb3 {[%emt 0:03:12]} Nxe5 {[%emt 0:10:28]} 25. Nxa5 {[%emt 0:00:14]} Rb8 {[%emt 0:00:20]} 26. Rh4 {[%emt 0:06:36]} Bc6 {[%emt 0:01:23]} 27. Rxb4 {[%emt 0:03:03]} Bxb5 {[%emt 0:00:15]} 28. axb5 {[%emt 0:03:24]} Rc5 {[%emt 0:00:24]} 29. c3 {[%emt 0:01:06]} Rbxb5 {[%emt 0:00:14]} 30. Rxb5 {[%emt 0:00:05]} Rxb5 {[%emt 0:00:10]} 31. b4 {[%emt 0:00:06]} Rb6 {[%emt 0:00:39]} 32. Kc2 {[%emt 0:00:43]} Ra6 {[%emt 0:01:40]} 33. Kb3 {[%emt 0:01:09]} h5 {[%emt 0:00:19]} 34. Ka4 {[%emt 0:01:23]} Ra8 {[%emt 0:00:23]} 35. Kb3 {[%emt 0:00:30]} Ra6 {[%emt 0:00:36]} 36. Rd2 {[%emt 0:00:28]} Ra8 {[%emt 0:00:39]} 37. f4 {[%emt 0:00:32]} Nd7 {[%emt 0:00:17]} 38. c4 {[%emt 0:00:32]} dxc4+ {[%emt 0:00:25]} 39. Nxc4 {[%emt 0:00:51]} Rb8 {[%emt 0:00:25]} 40. Na5 {[%emt 0:00:00]} Rb6 {[%emt 0:00:00]} 41. Rc2 {[%emt 0:02:27]} e5 {[%emt 0:07:42]} 42. f5 {[%emt 0:02:20]} e4 {[%emt 0:02:20]} 43. Nc4 {[%emt 0:05:08]} Rb5 {[%emt 0:09:19]} 44. Ne3 {[%emt 0:00:34]} Re5 {[%emt 0:00:20]} 45. Rc7 {[%emt 0:03:35]} Kd8 {[%emt 0:01:53]} 46. Ra7 {[%emt 0:01:55]} g6 {[%emt 0:02:59]} 47. Kc4 {[%emt 0:02:42]} gxf5 {[%emt 0:01:13]} 48. b5 {[%emt 0:12:39]} Kc8 {[%emt 0:06:55]} 49. Kb4 {[%emt 0:01:58]} h4 {[%emt 0:00:35]} 50. gxh4 {[%emt 0:00:04]} f4 {[%emt 0:00:00]} 51. Nc4 {[%emt 0:00:06]} Re6 {[%emt 0:00:23]} 52. Ra1 {[%emt 0:00:44]} e3 {[%emt 0:02:44]} 53. Kc3 {[%emt 0:00:25]} Ne5 {[%emt 0:00:52]} 54. Nxe5 {[%emt 0:02:49]} Rxe5 {[%emt 0:00:02]} 55. Rf1 {[%emt 0:00:21]} Rxb5 {[%emt 0:01:09]} 56. Rxf4 {[%emt 0:00:19]} Re5 {[%emt 0:00:05]} 57. Rf1 {[%emt 0:00:09]} Re4 {[%emt 0:00:26]} 58. Kd3 {[%emt 0:00:20]} Rxh4 {[%emt 0:00:05] Ke4} 1/2-1/2

[Event "17th Aeroflot Open-A 2019"]
[Site "Moscow"]
[Date "2019.02.19"]
[Round "1.15"]
[White "Puranik, Abhimanyu"]
[Black "Anton Guijarro, David"]
[Result "*"]
[WhiteElo "2538"]
[BlackElo "2642"]
[Annotator "RC"]
[PlyCount "23"]
[EventDate "2019.02.19"]
[EventCountry "RUS"]
[SourceTitle "playchess.com"]
[Source "ChessBase"]
[SourceQuality "1"]
[TimeControl "40/5400+30:1800+30"]

1. e4 {[%emt 0:00:00]} c5 {[%emt 0:00:00]} 2. Nf3 {[%emt 0:00:00]} Nc6 {[%emt 0:00:00]} 3. d4 {[%emt 0:00:00]} cxd4 {[%emt 0:00:00]} 4. Nxd4 {[%emt 0:00:00]} Nf6 {[%emt 0:00:00]} 5. Nc3 {[%emt 0:00:00]} d6 {[%emt 0:00:00]} 6. Bg5 {[%emt 0:00:00]} e6 {[%emt 0:00:00]} 7. Qd2 {[%emt 0:00:00]} a6 {[%emt 0:00:00]} 8. O-O-O {[%emt 0:00:00]} Bd7 {[%emt 0:00:00]} 9. f3 {[%emt 0:00:00]} Nxd4 {[%emt 0:00:00]} 10. Qxd4 {[%emt 0:00:00]} h6 {[%emt 0:00:00]} 11. Bh4 {[%emt 0:03:12]} Be7 {[%emt 0:02:57]} 12. f4 {[%emt 0:09:59]} *

[Event "17th Aeroflot Open-A 2019"]
[Site "Moscow"]
[Date "2019.02.20"]
[Round "1.15"]
[White "Puranik, Abhimanyu"]
[Black "Anton Guijarro, David"]
[Result "1/2-1/2"]
[WhiteElo "2538"]
[BlackElo "2642"]
[Annotator "TA"]
[PlyCount "64"]
[EventDate "2019.02.19"]
[EventCountry "RUS"]
[SourceTitle "playchess.com"]
[Source "ChessBase"]
[SourceQuality "1"]

{[%evp 16,64,40,18,47,28,44,47,47,49,42,39,49,37,61,58,64,58,72,26,120,22,62,53,62,55,55,55,59,62,59,30,30,30,30,30,30,27,27,27,27,27,27,27,27,10,16,16,16,16,25]} 1. e4 c5 2. Nf3 Nc6 3. d4 cxd4 4. Nxd4 Nf6 5. Nc3 d6 6. Bg5 e6 7. Qd2 a6 8. O-O-O Bd7 9. Kb1 Nxd4 {B67: Sicilian: Richter-Rauzer: 7...a6 8 0-0-0 Bd7, lines without 9 f4 Be7} 10. Qxd4 h6 11. Bh4 $146 ({Predecessor:} 11. Bc1 Bc6 12. f3 Qc7 13. Be2 O-O-O 14. Qf2 d5 15. Be3 Rd7 16. Bb6 Qb8 17. exd5 Nxd5 18. Nxd5 Rxd5 19. Rxd5 exd5 {1-0 (32) Inarkiev,E (2702)-Gelfand,B (2729) Nazran 2017}) 11... Be7 {White is slightly better.} 12. f4 Bc6 13. f5 e5 14. Qd3 O-O {next ...Nxe4 is good for Black.} 15. Bxf6 Bxf6 16. Be2 Rc8 17. Nd5 b5 (17... Bxd5 $11 {remains equal.} 18. Qxd5 {[%mdl 64] Double Attack} Qb6) 18. Qb3 ({White should play} 18. Nxf6+ $16 Qxf6 19. Bf3) 18... Bb7 19. c4 Bxd5 20. Rxd5 bxc4 21. Bxc4 Rb8 22. Qd3 Qb6 {[%csl Gb8][%cal Rb6b2] [#]} 23. b3 a5 $1 24. a4 Rfc8 25. Rc1 ({Don't play} 25. Rxd6 Qb4 $17) 25... Bg5 26. Rc2 Qg1+ 27. Ka2 Be3 $1 {[%cal Re3d4]} 28. Qd1 $1 ({Reject} 28. Rxd6 Bd4 $15) 28... Qxd1 29. Rxd1 Bd4 30. Rdd2 Kf8 {The position is equal.} 31. g4 Ke7 32. h4 Rc7 {Accuracy: White = 63%, Black = 71%.} 1/2-1/2

[Event "17th Aeroflot Open-A 2019"]
[Site "Moscow"]
[Date "2019.02.19"]
[Round "1.16"]
[White "Zvjaginsev, Vadim"]
[Black "Stupak, Kirill"]
[Result "*"]
[WhiteElo "2642"]
[BlackElo "2537"]
[Annotator "ChessBase"]
[PlyCount "21"]
[EventDate "2019.02.19"]
[EventCountry "RUS"]
[SourceTitle "playchess.com"]
[Source "ChessBase"]
[SourceQuality "1"]
[TimeControl "40/5400+30:1800+30"]

1. e4 {[%emt 0:00:00]} e6 {[%emt 0:00:00]} 2. d3 {[%emt 0:00:00]} d5 {[%emt 0:00:00]} 3. Nd2 {[%emt 0:00:00]} c5 {[%emt 0:00:00]} 4. Ngf3 {[%emt 0:00:00]} Nc6 {[%emt 0:00:00]} 5. g3 {[%emt 0:00:00]} Nf6 {[%emt 0:00:00]} 6. Bg2 {[%emt 0:00:00]} g6 {[%emt 0:00:00]} 7. exd5 {[%emt 0:03:02]} Nxd5 {[%emt 0:00:00]} 8. h4 {[%emt 0:01:17]} h6 {[%emt 0:00:00]} 9. O-O {[%emt 0:04:35]} Bg7 {[%emt 0:00:00]} 10. Nb3 {[%emt 0:00:59]} b6 {[%emt 0:01:49]} 11. c3 {[%emt 0:04:47]} *

[Event "17th Aeroflot Open-A 2019"]
[Site "Moscow"]
[Date "2019.02.20"]
[Round "1.16"]
[White "Zvjaginsev, Vadim"]
[Black "Stupak, Kirill"]
[Result "1/2-1/2"]
[WhiteElo "2642"]
[BlackElo "2537"]
[Annotator "RC"]
[PlyCount "55"]
[EventDate "2019.02.19"]
[EventCountry "RUS"]
[SourceTitle "playchess.com"]
[Source "ChessBase"]
[SourceQuality "1"]
[TimeControl "40/5400+30:1800+30"]

1. e4 {[%emt 0:00:00]} e6 {[%emt 0:00:00]} 2. c3 {[%emt 0:00:00]} d5 {[%emt 0:02:07]} 3. e5 {[%emt 0:00:05]} c5 {[%emt 0:00:05]} 4. f4 {[%emt 0:00:15]} Nc6 {[%emt 0:00:15]} 5. Nf3 {[%emt 0:00:07]} Nh6 {[%emt 0:06:58]} 6. Na3 {[%emt 0:00:17]} Nf5 {[%emt 0:04:43]} 7. Nc2 {[%emt 0:05:02]} Bd7 {[%emt 0:07:12]} 8. d4 {[%emt 0:04:42]} cxd4 {[%emt 0:05:44]} 9. cxd4 {[%emt 0:00:25]} Nb4 {[%emt 0:09:42]} 10. Nxb4 {[%emt 0:08:07]} Bxb4+ {[%emt 0:00:03]} 11. Kf2 {[%emt 0:00:14]} Be7 {[%emt 0:08:48]} 12. Bd3 {[%emt 0:08:08]} Qb6 {[%emt 0:03:48]} 13. Qb3 {[%emt 0:07:53]} Qxb3 {[%emt 0:13:06]} 14. axb3 {[%emt 0:00:43]} Bb4 {[%emt 0:00:09]} 15. Bxf5 {[%emt 0:03:23]} exf5 {[%emt 0:00:12]} 16. Bd2 {[%emt 0:00:07]} Be7 {[%emt 0:07:45]} 17. Rhc1 {[%emt 0:11:37]} Bb5 {[%emt 0:05:28]} 18. Ba5 {[%emt 0:02:45]} Ba6 {[%emt 0:10:05]} 19. Rc7 {[%emt 0:14:18]} Bd8 {[%emt 0:02:07]} 20. Rc3 {[%emt 0:01:00]} Be7 {[%emt 0:00:15]} 21. Rc7 {[%emt 0:01:38]} Bd8 {[%emt 0:00:03]} 22. Rc2 {[%emt 0:00:23]} Be7 {[%emt 0:00:21]} 23. Ke3 {[%emt 0:04:26]} h6 {[%emt 0:06:16]} 24. Rc7 {[%emt 0:04:20]} Bd8 {[%emt 0:00:05]} 25. Rc3 {[%emt 0:00:36]} Be7 {[%emt 0:00:04]} 26. Rc7 {[%emt 0:02:01]} Bd8 {[%emt 0:00:02]} 27. Rc2 {[%emt 0:01:26]} Be7 {[%emt 0:00:02]} 28. Rc7 {[%emt 0:10:24]} 1/2-1/2

[Event "17th Aeroflot Open-A 2019"]
[Site "Moscow"]
[Date "2019.02.19"]
[Round "1.17"]
[White "Debashis, Das"]
[Black "Iturrizaga Bonelli, Eduardo"]
[Result "*"]
[WhiteElo "2532"]
[BlackElo "2640"]
[Annotator "TA"]
[PlyCount "20"]
[EventDate "2019.02.19"]
[EventCountry "RUS"]
[SourceTitle "playchess.com"]
[Source "ChessBase"]
[SourceQuality "1"]

{[%evp 9,20,-9,16,12,26,34,32,26,25,35,44,34,60]} 1. d4 Nf6 2. c4 e6 3. Nc3 Bb4 4. g3 O-O 5. Bg2 d6 6. Nf3 {E20: Nimzo-Indian: 4 g3 and 4 f3} (6. Qb3 c5 7. Nf3 Nc6 8. dxc5 Bxc5 9. O-O h6 10. Rd1 e5 11. Qc2 Qe7 12. Nh4 Nd4 13. Qd2 Bg4 {1-0 (55) Artemiev,V (2697)-Morozevich,A (2665) Moscow 2018}) 6... Nbd7 7. O-O e5 8. Nd5 Nxd5 9. cxd5 {aiming for Qa4.} exd4 10. Nxd4 Qf6 $146 ({Predecessor:} 10... Bc5 11. Nb3 Bb6 12. a4 a5 13. Bd2 Nc5 {0-1 (56) Motuz,K (2322)-Martiska,P (2244) Slovakia 2010}) *

[Event "17th Aeroflot Open-A 2019"]
[Site "Moscow"]
[Date "2019.02.20"]
[Round "1.17"]
[White "Debashis, Das"]
[Black "Iturrizaga Bonelli, Eduardo"]
[Result "1/2-1/2"]
[WhiteElo "2532"]
[BlackElo "2640"]
[Annotator "TA"]
[PlyCount "155"]
[EventDate "2019.02.19"]
[EventCountry "RUS"]
[SourceTitle "playchess.com"]
[Source "ChessBase"]
[SourceQuality "1"]

{[%evp 20,155,0,0,0,0,0,0,0,-1,0,0,0,0,0,0,0,0,22,37,60,13,9,10,16,0,0,0,14,19,16,17,13,-6,-6,-21,0,0,0,0,0,0,0,0,0,0,0,0,0,0,0,0,0,0,0,0,0,0,0,-195,-99,-152,0,0,0,0,0,0,0,0,0,0,0,0,0,0,0,0,0,0,0,0,0,0,0,0,0,0,0,0,0,0,0,0,0,0,0,0,0,0,0,0,0,0,0,0,0,0,0,0,0,0,0,0,0,0,0,0,0,0,0,0,0,0,0,0,0,0,0,0,0,0,0,0,0,0,0,0]} 1. d4 Nf6 2. c4 e6 3. Nc3 Bb4 4. g3 O-O 5. Bg2 d5 6. Nf3 dxc4 7. O-O Nc6 8. Qa4 {E20: Nimzo-Indian: 4 g3 and 4 f3} Nd5 {[%cal Bf6d5,Bd5b4,Bb4d3][%mdl 32]} 9. Qc2 Be7 10. Rd1 b6 (10... Ncb4 11. Qd2 c5 12. dxc5 Nxc3 13. bxc3 Nc6 14. Qc2 Qa5 15. Ng5 Bxg5 16. Bxg5 Qxc5 {½-½ (44) Cheparinov,I (2709)-Gelfand,B (2673) St Petersburg 2018}) 11. e4 {LiveBook: 3 Games} Ndb4 12. Qe2 Ba6 13. a3 Nd3 14. Be3 Na5 15. b4 Nb3 16. Rab1 $146 c5 $1 {[%cal Rc5d4] [#]} 17. Rxb3 $1 {[%mdl 512]} cxb3 18. b5 {[#]} Bxb5 $1 19. Nxb5 c4 20. Nd2 {[%mdl 1024] White has compensation.} (20. d5 $5) 20... a6 21. Nc3 b5 {[#]} 22. Nxb3 $1 {[%mdl 512]} Bxa3 (22... cxb3 23. Rxd3) 23. e5 Nb2 24. Ra1 cxb3 25. Rxa3 b4 26. Qxb2 bxa3 27. Qxb3 Qa5 28. Bxa8 Rxa8 29. h4 Rc8 30. Na2 h6 31. h5 Qe1+ 32. Kh2 Qa1 33. Qxa3 Rc2 34. Qe7 Rxa2 $11 {[%mdl 4096] Endgame KQR-KQB} (34... Qxa2 $5 35. Qe8+ $8 Kh7 36. Qxf7 Re2 $11) 35. Qe8+ Kh7 36. Qxf7 Qb1 37. Qxe6 {And now Qd5 would win.} Ra1 {[%csl Ga1][%cal Rb1h1]} 38. g4 Qe4 {[#]} 39. Qf5+ $2 (39. Bxh6 $1 $11 {[%mdl 512]} Rh1+ (39... gxh6 40. Qf7+) 40. Kg3) 39... Qxf5 $19 40. gxf5 {[#] KR-KB} Rd1 $2 (40... Kg8 $1 $17 41. d5 Ra5) 41. Kg3 $11 {Black must now prevent e6.The position is equal.} a5 42. e6 Kg8 {Strongly threatening ...a4.} 43. Kf4 $1 a4 $1 {[%cal Ra4a3]} 44. Ke5 $1 a3 45. Kd6 $1 ({Don't go for} 45. d5 $2 a2 $19) 45... Rb1 46. d5 Rd1 (46... a2 $5 47. Bd4 $8 a1=Q 48. Bxa1 Rxa1 $11) 47. Bf4 a2 48. Be5 Kf8 49. f6 gxf6 50. Bxf6 Ke8 {Hoping for ...Rf1.} 51. f4 a1=Q 52. Bxa1 Rxa1 {KR-KP} 53. f5 Rh1 54. Kc7 Rc1+ 55. Kd6 Rf1 56. Ke5 Rh1 57. d6 Rxh5 {KR-K3P} 58. Kf6 Rg5 59. Ke5 h5 60. Kf4 Rg4+ 61. Ke5 Rg1 62. f6 Rf1 63. f7+ Kf8 64. d7 Ke7 {aiming for ...h4.} 65. Kd5 $1 h4 {Threatens to win with ...h3.} 66. Kc6 $1 h3 67. Kc7 $1 Rc1+ 68. Kb7 Rd1 69. Kc8 Rc1+ (69... h2 $5 70. f8=Q+ $8 Kxf8 71. d8=Q+ Rxd8+ 72. Kxd8 Kg7 $11) 70. Kb7 Rd1 71. Kc8 h2 {[#]} 72. f8=Q+ $1 {[%mdl 512]} Kxf8 73. d8=Q+ Rxd8+ 74. Kxd8 h1=Q 75. e7+ Kg7 {( -> ...Qd5+)} 76. e8=Q Qa8+ 77. Kd7 Qxe8+ 78. Kxe8 {Precision: White = 95%, Black = 75%.} 1/2-1/2

[Event "17th Aeroflot Open-A 2019"]
[Site "Moscow"]
[Date "2019.02.20"]
[Round "1.18"]
[White "Ganguly, Surya Shekhar"]
[Black "Praggnanandhaa R"]
[Result "1-0"]
[WhiteElo "2636"]
[BlackElo "2532"]
[Annotator "TA"]
[PlyCount "155"]
[EventDate "2019.02.19"]
[EventCountry "RUS"]
[SourceTitle "playchess.com"]
[Source "ChessBase"]
[SourceQuality "1"]

{[%evp 19,155,0,0,-12,7,-17,0,0,0,0,0,0,0,0,0,-4,0,0,0,10,18,13,27,41,24,19,22,0,0,0,0,0,0,0,0,0,0,0,13,12,26,0,0,0,0,0,0,0,0,0,0,0,0,-24,-25,-12,0,0,0,0,0,0,0,0,0,0,0,0,0,-10,0,0,0,0,0,0,17,0,12,7,51,40,46,0,68,69,73,14,14,18,9,9,222,244,248,247,247,245,250,14,236,241,229,225,226,90,100,82,85,83,84,0,88,0,90,90,90,90,87,72,77,82,265,239,29973,29974,29938,575,29986,29987,29996,628,29985,29973,29996,29997,29997,29998]} 1. e4 c5 2. Nf3 Nc6 3. Nc3 d6 4. d4 cxd4 5. Nxd4 Nf6 6. Bg5 g6 7. Be2 Bg7 8. Nb3 O-O 9. O-O Be6 10. Re1 Rc8 11. Bf1 {B70: Sicilian Dragon: 6 g3 and 6 Be2 (without a later Be3)} Nd7 (11... h6 12. Bf4 d5 13. exd5 Nxd5 14. Nxd5 Bxd5 15. c3 e5 16. Be3 b6 17. Qc1 Qh4 18. f3 Rfd8 {0-1 (52) Andriasian,Z (2585)-Nakamura,H (2781) chess.com INT 2018}) 12. Qd2 a6 13. Rab1 {The position is equal.} Re8 14. Nd5 Nce5 15. c3 {[#]} Nb6 $146 ({Predecessor:} 15... Nc4 16. Bxc4 Rxc4 17. Rbd1 Rc8 18. Nd4 Bxd5 19. exd5 {0-1 (58) Van Himbergen,H-Tiviakov,S (2567) Zwolle 2000}) 16. Rbd1 Bg4 17. Be2 Bd7 18. h3 Nec4 19. Qc1 f6 20. Bf4 Na4 21. Bxc4 $1 Rxc4 22. Qc2 b5 23. a3 Rc8 24. Be3 Be6 25. f4 Bf7 26. f5 e6 27. fxe6 Rxe6 28. Bd4 Nc5 29. Bf2 Qe8 {[%cal Rc5e4]} 30. Nd2 Qc6 31. b4 Nd7 32. Nb3 Ree8 33. Na5 Qa8 34. Qd2 Bxd5 35. exd5 f5 36. Re6 Nf6 37. Qd3 Ne4 38. c4 bxc4 39. Nxc4 Qb8 40. Bd4 Qc7 {And now ...Rxe6 would win.} 41. Bxg7 Kxg7 42. Qd4+ Kg8 43. Nd2 Ng5 44. Re3 Rxe3 45. Qxe3 Nf7 46. Nf3 Qc2 47. Re1 Qb2 48. Nd4 Ne5 49. Nc6 f4 {[%mdl 64] Decoy} (49... Re8 $5 {[%cal Re5f3]} 50. Rf1 Qa2 $11) 50. Qxf4 Nd3 51. Qf1 $40 {[%mdl 128] Black needs to defend precisely.} Rf8 (51... Nxe1 $11 52. Ne7+ {[%mdl 64] Double Attack} Kg7 53. Nxc8 Nxg2) 52. Qe2 $14 Qxa3 53. Qe6+ ({White should try} 53. Qe3 $1 $16 {Threatens to win with Rd1.} Qb2 54. Re2 Qc1+ 55. Qxc1 Nxc1 56. Re1) 53... Kg7 $1 $11 54. Qe3 {Hoping for Rd1.} Qb2 55. Re2 Qa1+ $2 (55... Qc1+ $11 {and Black is okay.} 56. Qxc1 Nxc1) 56. Kh2 $18 Nf4 57. Rf2 {Nd4 is the strong threat.} Nxd5 58. Qa7+ Kg8 59. Rxf8+ Kxf8 {[#]} 60. Qb8+ $1 ({Weaker is} 60. Qxh7 Qf6 $11) 60... Kg7 61. Qxd6 Nf6 {[#]} 62. Ne5 (62. Nd4 $1 $18 {and the rest is easy.} Ng8 63. Qc7+ Kf6 64. Qc4 (64. Qxh7 Qc1 $18)) 62... Ng8 $16 63. Qc7+ Kh8 64. Nf7+ Kg7 65. Ne5+ Kh8 66. Nf7+ Kg7 67. Ng5+ Kh6 68. Ne6 {White wants to mate with Qf4+.} ({Don't play} 68. Nxh7 $6 Qf1 $11) 68... g5 69. Qg3 {[%csl Ge6][%cal Rg3g5]} Qf6 70. h4 {[%cal Rh4g5]} g4 $2 (70... Kh5 $16) 71. Qxg4 $18 Qe5+ $2 (71... Ne7 $18 72. Kh3 Qc3+ 73. g3 Qf6) 72. Kh3 Ne7 73. Ng5 (73. Nd8 $142 Qe3+ 74. g3 Ng6 75. Ne6 Nf4+ 76. Qxf4+ Qxf4 77. gxf4 Kg6 78. Nc5) 73... Qc3+ 74. g3 {[%cal Rg5f7]} Ng6 75. Qd7 (75. Ne6 $142 Qf6 76. Qg5+ Qxg5 77. hxg5+ Kh5 78. g4#) 75... Nf8 76. Qf5 {White mates.} Ng6 77. Ne6 {[%csl Ge6,Gh4][%cal Rf5g5]} Qc1 78. Qg5+ {Accuracy: White = 62%, Black = 57%.} 1-0

[Event "17th Aeroflot Open-A 2019"]
[Site "Moscow"]
[Date "2019.02.19"]
[Round "1.18"]
[White "Ganguly, Surya Shekhar"]
[Black "Praggnanandhaa R"]
[Result "*"]
[WhiteElo "2636"]
[BlackElo "2532"]
[Annotator "RC"]
[PlyCount "29"]
[EventDate "2019.02.19"]
[EventCountry "RUS"]
[SourceTitle "playchess.com"]
[Source "ChessBase"]
[SourceQuality "1"]
[TimeControl "40/5400+30:1800+30"]

1. e4 {[%emt 0:00:00]} c5 {[%emt 0:00:00]} 2. Nf3 {[%emt 0:00:00]} Nc6 {[%emt 0:00:00]} 3. Nc3 {[%emt 0:00:00]} d6 {[%emt 0:00:00]} 4. d4 {[%emt 0:00:00]} cxd4 {[%emt 0:00:00]} 5. Nxd4 {[%emt 0:00:00]} Nf6 {[%emt 0:00:00]} 6. g3 {[%emt 0:00:00]} g6 {[%emt 0:00:00]} 7. Nxc6 {[%emt 0:00:00]} bxc6 {[%emt 0:00:00]} 8. Bg2 {[%emt 0:00:00]} Bg7 {[%emt 0:00:00]} 9. e5 {[%emt 0:05:03]} dxe5 {[%emt 0:00:00]} 10. Qxd8+ {[%emt 0:00:49]} Kxd8 {[%emt 0:00:00]} 11. Bxc6 {[%emt 0:00:09]} Rb8 {[%emt 0:00:00]} 12. Be3 {[%emt 0:02:21]} Bb7 {[%emt 0:00:46]} 13. O-O-O+ {[%emt 0:01:34]} Kc8 {[%emt 0:01:07]} 14. Bxb7+ {[%emt 0:02:17]} Rxb7 {[%emt 0:03:30]} 15. f3 {[%emt 0:02:15]} *

[Event "17th Aeroflot Open-A 2019"]
[Site "Moscow"]
[Date "2019.02.19"]
[Round "1.19"]
[White "Pourramezanali, Amirreza"]
[Black "Alekseenko, Kirill"]
[Result "*"]
[WhiteElo "2529"]
[BlackElo "2634"]
[Annotator "TA"]
[PlyCount "20"]
[EventDate "2019.02.19"]
[EventCountry "RUS"]
[SourceTitle "playchess.com"]
[Source "ChessBase"]
[SourceQuality "1"]

{[%evp 12,20,21,14,17,13,18,0,4,0,-14]} 1. e4 e5 2. Nf3 Nc6 3. Bc4 Bc5 4. c3 Nf6 5. d3 d6 6. O-O O-O 7. Nbd2 {The position is equal.} h6 {C54: Giuoco Piano: 4 c3 Nf6, main lines with 5 d4 and 5 d3} 8. Re1 a5 9. a4 (9. Nf1 Ba7 10. Ng3 Ne7 11. Bb3 Ng6 12. h3 Re8 13. d4 c6 14. Bc2 Be6 15. Be3 {0-1 (32) Ragger,M (2687)-Nakamura,H (2746) St Petersburg 2018}) 9... Nh5 10. d4 $146 ({Predecessor:} 10. h3 Qf6 11. Nf1 Be6 12. b3 Rfe8 13. Ra2 Rad8 14. d4 Bxc4 15. bxc4 exd4 16. cxd4 {½-½ (24) Spreemann,R (2464)-Zidu,J (2533) Remote email 2013}) 10... exd4 *